Statistics for Côte d'Ivoire World Cup 2014 squad

Click here to take the quiz!

General Stats

  • This quiz has been taken 233 times
    (214 since last reset)
  • The average score is 10 of 24

Answer Stats

% Correct
MDYaya TouréManchester City
95%
DFKolo TouréLiverpool
94%
FWDidier DrogbaGalatasaray
91%
FWGervinhoAS Roma
81%
FWWilfried BonySwansea
75%
FWSalomon KalouLille
66%
MDCheikh TiotéNewcastle
66%
DFSerge AurierToulouse
46%
DFArthur BokaVFB Stuttgart
39%
MDMax-Alain GradelSaint-Etienne
39%
GKBoubacar Barry CopaLokeren
36%
DFDidier Zokorasans club
35%
MDGeoffrey Serey DiéFC Basel
34%
DFSouleymane BambaTrabzonspor
30%
FWGiovanni SioFC Basel
28%
MDDidier Ya KonanHannover
27%
COACHSabri Lamouchi/
21%
FWMathis BollyFortuna Dusseldorf
20%
DFJean-Daniel Akpa-AkproToulouse
20%
MDIsmaël DiomandéSaint-Etienne
19%
DFConstant DjakpaEintracht Frankfurt
14%
GKSylvain GbohouoSewé San Pedro
11%
GKSayouba MandéStabaek
9%
DFViera DiarrassoubaRizespor
3%

Score Distribution

Percentile by Number Answered

Percent of People with Each Score

Your Score History

You have not taken this quiz since the last reset